00657nam a2200169 i 450000100060000000300090000600500170001500700030003200800410003510000250007624502390010126000650034030000200040570000160042570000210044185200250046289585ES-MaACL20230906180227.0t|050111s1904 fr ||||1| fre d1 aLassalle, Ferdinand.10aThéorie systématique des droits acquis, conciliation du droit positif et de la philosophie du droit / cpar Ferdinand Lasalle ; traduction... par J. Bernard ... [et al.] ; revue et accompagnée d'une préface par Charles Andler. aParís : b[s.n., c1904] (eSaint Amand : fImp. Bussiere) a2 v. ; c23 cm.1 aBernard, J.1 aAndler, Charles. aES-MaACLjF-14137-38